An new bat (genus Leptonycteris) from Coahuila.

Bibliographic Details
Main Author: Stains, Howard J.
Format: Book
Language:English
Published: Lawrence : University of Kansas, 1957.
Series:Publications (University of Kansas. Museum of Natural History) ; v. 9, no. 10.
Subjects:

MARC

Tag First Indicator Second Indicator Subfields
LEADER 00000cam a2200000 4500
001 in00000271921
005 20151010061038.0
008 781116s1957 ksu s00000 eng d
035 |a (OCoLC)04377545 
035 |9 ABD4550AM 
040 |a KKS  |c KKS  |d TXA  |d UtOrBLW 
049 |a TXAM  |c [343220] 
090 |a QH1  |b .K27 vol. 9, no 10 
100 1 |a Stains, Howard J. 
245 1 3 |a An new bat (genus Leptonycteris) from Coahuila. 
264 1 |a Lawrence :  |b University of Kansas,  |c 1957. 
300 |a 355-356 pages 
336 |a text  |b txt  |2 rdacontent 
337 |a unmediated  |b n  |2 rdamedia 
338 |a volume  |b nc  |2 rdacarrier 
490 1 |a Kansas. University. Museum of Natural History. Publications,  |v v. 9, no. 10 
650 0 |a Bats  |z Mexico. 
830 0 |a Publications (University of Kansas. Museum of Natural History) ;  |v v. 9, no. 10. 
999 |a MARS 
999 f f |s ea87fee5-270f-3714-8309-7abb91b9dc3e  |i f8fd42d8-4812-366f-8456-be3f921fda2c  |t 0 
952 f f |p normal  |a Texas A&M University  |b College Station  |c Sterling C. Evans Library  |d Evans: Library Stacks  |t 0  |e QH1 .K27 v.9:no.1-23  |h Library of Congress classification  |i unmediated -- volume  |m A14804814767 
952 f f |a Texas A&M University  |b College Station  |c Sterling C. Evans Library  |d Evans: Library Stacks  |t 0  |e QH1 .K27 v.9:no.1-23  |h Library of Congress classification 
998 f f |a QH1 .K27 v.9:no.1-23  |t 0  |l Evans: Library Stacks